Préfectures de France : Tours - Statistiques

Statistiques générales
  • Ce quiz a été pris 143 fois
  • Le résultat moyen est 14 sur 25
Statistiques - réponses
Question Réponse % Correct
Quelle construction figure sur le blason ? Tour
99%
Quel numéro porte celui-ci ? 37
97%
De quel département est-ce la préfecture ? Indre-et-Loire
97%
Comment se nomment ses habitants ? Tourangeau
96%
A quelle région administrative appartient la ville depuis 2015 ? Centre-Val-de-Loire
84%
De quelle couleur est essentiellement le sommet du blason ? Bleu
82%
La ville appartient à l'académie de/d' Orléans-Tours
79%
La plus célèbre place de Tours est la place Plumereau
78%
La ville est desservie par les autoroutes A10
76%
Quelles sont les sous-préfectures qui en dépendent ? Chinon
67%
Quelles sont les sous-préfectures qui en dépendent ? Loches
61%
Les communes limitrophes dont le nom commence par S sont Saint-Cyr-sur-Loire
61%
Les communes limitrophes dont le nom commence par S sont Saint-Pierre-des-Corps
61%
Le pont qui s'est en partie effondré en 1978 est le pont Wilson
61%
Les communes limitrophes dont le nom commence par S sont Saint-Avertin
57%
La ville appartient au diocèse de/d' Tours
55%
La couleur principale du fond du blason est l'/le/la Noir | Sable
43%
La ville est desservie par les autoroutes A85
42%
La ville est desservie par les autoroutes A28
24%
Les Romains appellent la ville Caesarodunum
13%
Le 1er évêque est (prénom) Gatien
11%
Le peuple gaulois qui l'occupe est celui des Turones
11%
Le quotidien local est La Nouvelle République du Centre-Ouest
8%
Citez une des villes des Etats-Unis jumelées avec Tours Minneapolis | Springfield
7%
Les armes de Tours évoquent le nom de la ville, elles sont dites parlantes
1%
Aucun quiz correspondant
Distribution des résultats
% des personnes avec chaque résultat
Percentile par nombre de réponses
Votre historique - résultats
Vous n’avez pas pris ce quiz